000 00354 a2200169 4500
001 195305
020 _a85-260-1050-6
040 _cMagnum
100 _aRey, Marcos
240 1 0 _aEnigma na televisão
_lpor
245 1 0 _aEnigma na televisão
300 _a139
362 0 _a2005
440 1 _aGlobal
697 _aLITERATURA JUVENIL
942 _cBK
999 _c195305
_d195305